[Event "Krasnodar Region-ch"]
[Site "Krasnodar"]
[Date "2012.10.04"]
[Round "3"]
[White "Chip, Vitaly"]
[Black "Frolov, Lev"]
[Result "0-1"]
[WhiteElo "2228"]
[BlackElo "1970"]
[PlyCount "74"]
[EventDate "2012.10.02"]
[EventType "swiss"]
[EventRounds "9"]
[EventCountry "RUS"]
[SourceTitle "EXT 2013"]
[Source "ChessBase"]
[SourceDate "2012.11.22"]
[SourceVersion "1"]
[SourceVersionDate "2012.11.22"]
[SourceQuality "1"]

1. e4 c5 2. Nf3 d6 3. d4 Nf6 4. Nc3 cxd4 5. Nxd4 a6 6. Bd3 e5 7. Nb3 Be6 8. 0-0 Be7 9. h3 Nbd7 10. Be3 Qc7 11. a4 Nc5 12. Nxc5 dxc5 13. f4 Bd6 14. f5 Bd7 15. Bc4 Bc6 16. Nd5 Nxd5 17. exd5 Bd7 18. Qh5 0-0-0 19. Qh4 f6 20. Bd3 Rdf8 21. a5 g5 22. Qe4 h5 23. b4 cxb4 24. Kh1 g4 25. c4 Bc5 26. h4 Kd8 27. Rfb1 Qd6 28. Rb2 g3 29. Bd2 Rfg8 30. Be2 Rg7 31. Rab1 Rhg8 32. Be3 Rg4 33. Bxg4 Rxg4 34. Qf3 Bxf5 35. Qxf5 Rxh4+ 36. Kg1 Bxe3+ 37. Kf1 Rf4+ 0-1